000 00502nam a22001817a 4500
005 20140926151702.0
010 _aENG-110957
020 _a9789351860082
_c200.00
035 _aEN-94489
037 _bDBAD/PUB
082 _a483.1
100 _aNajmussehar
245 _aDictionary of phrasal verbs /
_cby Najmussehar
260 _aNew Delhi
_bPrabhat Books
_c2014
270 _a4/19, Asaf Ali Road
_bNew Delhi
_e110002
300 _a133p.
_c22cm(Hb)
942 _2ddc
_cEN
_mNAJ
_h483.1
999 _c88985
_d88985